Tendencias en la teoría general de sistemas /

George Klir plantea que la teoría general de sistemas es una colección de conceptos generales, principios, instrumentos, problemas, métodos y técnicas relacionados con los sistemas, que fue desarrollada después de la Segunda Guerra Mundial por Ludwig von Bertalanffy. Esta teoría intenta explicar la...

Descripción completa

Guardado en:
Detalles Bibliográficos
Autor principal: Klir, George J. (selec. y pról.)
Formato: Libro
Idioma:Español
Publicado: Madrid, España : Alianza, 1978, c1978
Colección:(Alianza Universidad ; 208)
Temas:
Etiquetas: Agrega una etiqueta
Sin etiquetas, Sé el primero en etiquetar este registro!

MARC

LEADER 00000nam^a2200000^a^4500
001 000190839
005 20250521000000.0
009 20260310102506.743
020 |a 84-206-2208-7 
037 |a Acervo ITESO - Biblioteca 
041 |a ESP 
082 |a 003.  |b KLI 
100 |a Klir, George J.  |e (selec. y pról.) 
245 1 0 |a Tendencias en la teoría general de sistemas /  |c Selec. y pról. de G.J. Klir ; tr. por Alvaro Delgado, Andrés Ortega. 
264 4 |a Madrid, España :  |b Alianza,  |c 1978, c1978 
300 |a 323 p. 
336 |a texto  |b txt  |2 rdacontenido 
337 |a sin mediación  |b n  |2 rdamedio 
338 |a volumen  |b nc  |2 rdasoporte 
440 1 |a (Alianza Universidad ;  |v 208) 
500 |a Traducción de: Trends in General Systems Theory 
520 |a George Klir plantea que la teoría general de sistemas es una colección de conceptos generales, principios, instrumentos, problemas, métodos y técnicas relacionados con los sistemas, que fue desarrollada después de la Segunda Guerra Mundial por Ludwig von Bertalanffy. Esta teoría intenta explicar la complejidad de la realidad empírica a través de la construcción de teorías y formulaciones conceptuales. En la presente obra se menciona la situación que guarda y las vertientes que está adquiriendo actualmente. 
649 |a XX 
650 |a Teoría de Sistemas -  |x Tema Principal 
650 |a Isomorfismos (Matemáticas) 
650 |a Matemáticas 
650 |a Biología 
650 |a Computadoras 
650 |a Informática 
650 |a Información -  |x Teoría 
650 |a Epistemología 
910 |a Fondo Armando Suárez Gómez 
920 |a Impresos - Libros 
930 |a Fondos Especiales 
905 |a 111 
901 |a 0700000839  |b IT2  |c ESP  |u 20250521 
902 |a https://opac.biblio.iteso.mx/vufind/Record/000190839